Petroleum Reservoir Rock and Fluid Properties (Record no. 7903)

MARC details
000 -LEADER
fixed length control field 00524nam a22001937a 4500
003 - CONTROL NUMBER IDENTIFIER
control field OSt
005 - DATE AND TIME OF LATEST TRANSACTION
control field 20220728123058.0
008 - FIXED-LENGTH DATA ELEMENTS--GENERAL INFORMATION
fixed length control field 220728b ||||| |||| 00| 0 eng d
020 ## - INTERNATIONAL STANDARD BOOK NUMBER
International Standard Book Number 9781439876459
040 ## - CATALOGING SOURCE
Transcribing agency DDC
082 ## - DEWEY DECIMAL CLASSIFICATION NUMBER
Classification number 553.2 DAN 2013
100 ## - MAIN ENTRY--PERSONAL NAME
Personal name Dandekar, Abhijit
9 (RLIN) 16054
245 ## - TITLE STATEMENT
Title Petroleum Reservoir Rock and Fluid Properties
250 ## - EDITION STATEMENT
Edition statement 2nd ed.
260 ## - PUBLICATION, DISTRIBUTION, ETC. (IMPRINT)
Place of publication, distribution, etc. Boca Raton:
Name of publisher, distributor, etc. Taylor and Francis ;
Date of publication, distribution, etc. 2013
300 ## - PHYSICAL DESCRIPTION
Extent xviii,502:
Other physical details ill;
Dimensions 28cm.
650 ## - SUBJECT ADDED ENTRY--TOPICAL TERM
Topical term or geographic name as entry element Petroleum Reservoir
9 (RLIN) 16055
942 ## - ADDED ENTRY ELEMENTS (KOHA)
Source of classification or shelving scheme Dewey Decimal Classification
Koha item type Book
Holdings
Withdrawn status Lost status Source of classification or shelving scheme Damaged status Not for loan Home library Current library Date acquired Source of acquisition Inventory number Total Checkouts Full call number Barcode Date last seen Price effective from Koha item type
    Dewey Decimal Classification     Main Kihumuro Campus MUST Main Library 28/07/2022 Purchase 22/41954   553.2 DAN 2013 2022-0687 28/07/2022 28/07/2022 Book